Music Quiz

Random Music or Classical Quiz

HCHS/HCMS Wagner Operas by Synopsis Quiz Stats

 Plays Quiz not verified by Sporcle

Score 0/14 Timer 10:00
0 Plays Today
Synopsis Opera % Correct
Title character reforges Siegmund's sword Nothung/kills dragon Fafner/drinks blood & understands bird language/obtains Ring/wakes Brunnhilde who chooses mortality/learns fearSiegfried
88.7%
Sigfried is given potion to make him forget Brunnhilde/Hagen son of Alberich kills him/Brunnhilde kills self/returns Ring to Rhine maidens/Valhalla burns & gods dieGotterdammerung (Twilight of the Gods)
87.5%
Siegmund rescues Sieglinde/they realize they are twins and sleep together conceiving Siegfried/Wotan is their father/Fricka demands he kill Siegmund/he sends Brunnhilde to do itDie Walkure (The Valkyrie)
86.3%
Alberich (dwarf) steals title object to create a ring to rule the world/Wotan takes it after Loge tricks him into turning into a toad/gods move into Valhalla/Alberich curses ringDas Rheingold (The Rhine Gold)
83.1%
Name means 'pure fool'/Amfortas is wounded and does not heal/title character destroys Klingsor's realm after Kundry fails to seduce him/becomes King of Grail KnightsParsifal
82.4%
One title character is to be married to King Marke/his nephew is to bring her/he killed her 1st fiance/she tries to poison him but they drink love potion instead/both die at endTristan and Isolde
81.7%
The son of Parsifal, knight of the Holy Grail, is sent in a boat pulled by swans to rescue Princess Elsa who can never ask his identity/contains Bridal Chorus (Here Comes the BrideLohengrin
81.4%
Synopsis Opera % Correct
Title character makes love to Venus but repents/goes to Wartburg to win past love Elisabeth in singing contest/his past with Venus is exposed/travels to pope for forgivenessTannhauser (and the Song Contest on the Wartburg)
67.5%
Daland pledges daughter Senta to title character for gold/she wants to save him from curse by her fidelity/throws herself into the sea & dies releasing him/they ascend to heavenDer fliegende Hollander (The Flying Dutchman)
67.1%
The actual name of the Ring CycleDer Ring des Nibelungen (The Ring of the Nibelung)
64.5%
Walther (knight) wants to marry Eva/her father pledged to give her to winner of singing contest/Beckmesser expects to win/Hans Sachs (cobbler) teaches Walther how to win/he doesDie Meistersinger von Nurnberg (The Mastersingers of Nuremburg)
54.6%
Title character vanquishes the patricians of Rome and elevates the power of the people/eventually they and the pope turn against him/burned to death in collapsing buildingRienzi: the Last of the Tribunes
53.7%
Ada agrees to give up immortality to be with Arindal/Zemina and Fazana don't want her to/Arindal saves her with help from magician GromaDie Feen (The Fairies)
43.3%
Composed after Shakespeare's Measure for Measure/Isabella tries (& succeeds)to rescue her brother from death sentence by State-holder Freidrich (her former lover who abandoned her)Das Liebesverbot (The Ban on Love)
33.6%

You're not logged in!

Compare scores with friends on all Sporcle quizzes.
OR
Log In

Show Comments

Extras

Top Quizzes Today


Score Distribution

Your Account Isn't Verified!

In order to create a playlist on Sporcle, you need to verify the email address you used during registration. Go to your Sporcle Settings to finish the process.

Report this User

Report this user for behavior that violates our Community Guidelines.

Details: